|
|
|
|
| LEADER |
01076nam a22002892a 4500 |
| 001 |
000167216 |
| 003 |
CZ BrMZK |
| 005 |
20240617151024.0 |
| 007 |
ta |
| 008 |
030406s1959 xr f |||| 0 cze d |
| 015 |
|
|
|a cnb000623030
|
| 020 |
|
|
|q (Brož.) :
|c Kčs 7,70
|
| 035 |
|
|
|a (OCoLC)85462387
|
| 040 |
|
|
|a ABA001
|b cze
|c HKA001
|d ABA001
|
| 080 |
|
|
|a 3P(024)
|
| 245 |
0 |
0 |
|a Co má znát a umět pionýr /
|c [za redakčního vedení Otto Čmolíka]
|
| 250 |
|
|
|a 1. vyd.
|
| 260 |
|
|
|a Praha :
|b Pionýrské oddělení ÚV ČSM v nakladatelství Mladá fronta,
|c 1959
|
| 300 |
|
|
|a 333 s. :
|b il., mapy, noty ;
|c 15 cm
|
| 500 |
|
|
|a 30250 výt.
|
| 700 |
1 |
|
|a Čmolík, Otto,
|d 1931-
|7 jk01021904
|4 edt
|
| 710 |
2 |
|
|a Československý svaz mládeže.
|b Pionýrská organizace
|7 xx0018826
|4 isb
|
| 910 |
|
|
|a BOA001
|b PK-A-0006.539
|
| 928 |
9 |
|
|a Mladá fronta
|
| 990 |
|
|
|a BK
|
| 996 |
7 |
|
|b 3119684382
|c PK-A-0006.539
|l MZK
|r Sklad / do 1 hodiny
|n 2
|w 000167216
|u 000020
|a 1
|e BOA001
|j MZK50
|s A
|
| 996 |
7 |
|
|b 3119943817
|c PK-A-0006.539
|l MZK
|r Sklad / do 1 hodiny
|n 18
|w 000167216
|u 000010
|a 1
|e BOA001
|j MZK50
|s A
|